Getting Involved; Identity and mobilization in social movements/

El documento consiste en un análisis de la movilización y la identidad en los movimiento sociales

Spremljeno u:
Bibliografski detalji
Glavni autor: Melucci, Alberto
Format: Knjiga
Jezik:Spanish
Izdano: Chicago 1988
Teme:
Oznake: Dodaj oznaku
Bez oznaka, Budi prvi tko označuje ovaj zapis!

MARC

LEADER 00000nam a22000007a 4500
003 cru CIDCACS/IIS
005 20230707094336.0
008 230417b |||||||| |||| 00| 0 spa d
040 |a cru CIDCACS/IIS 
090 |a 05.03.07 M529g 
100 1 |9 11115  |a Melucci, Alberto 
245 |a Getting Involved;   |b Identity and mobilization in social movements/  |c Alberto Melucci 
260 |a Chicago  |c 1988 
337 |0 páginas 329-347 
500 |a Fotocopia  
520 |a El documento consiste en un análisis de la movilización y la identidad en los movimiento sociales 
650 0 |9 3  |a MOVIMIENTOS SOCIALES 
650 0 |9 2126  |a MOVILIZACION SOCIAL 
650 0 |9 8396  |a ACTORES SOCIALES 
942 |2 z  |c LITG 
999 |c 44866  |d 44866